Bibliografía sobre cooperativismo disponible en Costa Rica
Colección Instituto de Investigaciones Sociales
محفوظ في:
| مؤلف مشترك: | |
|---|---|
| التنسيق: | كتاب |
| اللغة: | Spanish |
| منشور في: |
San José, Costa Rica
Universidad de Costa Rica. Oficina de Publicaciones
1985
|
| سلاسل: | Instituto de Investigaciones Sociales de la Universidad de Costa Rica
|
| الموضوعات: | |
| الوسوم: |
إضافة وسم
لا توجد وسوم, كن أول من يضع وسما على هذه التسجيلة!
|
MARC
| LEADER | 00000nam a22000007a 4500 | ||
|---|---|---|---|
| 003 | cru CIDCACS/IIS | ||
| 005 | 20181129091748.0 | ||
| 008 | 181128b1985 CR ||||| |||| 00| 0 spa d | ||
| 999 | |c 41926 |d 41926 | ||
| 020 | |a 9977917167 | ||
| 040 | |c cru CIDCACS/IIS | ||
| 090 | |a 03.03.04 B687b | ||
| 110 | 1 | |9 1425 |a Universidad de Costa Rica. Facultad de Ciencias Sociales. Instituto de Investigaciones en Psicología | |
| 245 | |a Bibliografía sobre cooperativismo disponible en Costa Rica |c Universidad de Costa Rica. Vicerrectoría de Investigación. Instituto de Investigaciones Sociales | ||
| 260 | |a San José, Costa Rica |b Universidad de Costa Rica. Oficina de Publicaciones |c 1985 | ||
| 300 | |a 272 páginas | ||
| 440 | |9 34 |a Instituto de Investigaciones Sociales de la Universidad de Costa Rica | ||
| 500 | |a En el CIDCACS existe fotocopia de la segunda edición realizada con la editorial de UNED en tres volúmenes. | ||
| 520 | |a Colección Instituto de Investigaciones Sociales | ||
| 650 | 0 | |9 297 |a BIBLIOGRAFIAS | |
| 650 | 0 | |9 193 |a COOPERATIVAS | |
| 651 | 0 | |9 32 |a COSTA RICA | |
| 942 | |2 ddc |c LI | ||



